Temas actuales y problemas emergentes de la ganadería : (Record no. 219796)
[ view plain ]
| 000 -CABECERA | |
|---|---|
| campo de control de longitud fija | 01145nam a2200253 a 4500 |
| 003 - IDENTIFICADOR DEL NÚMERO DE CONTROL | |
| campo de control | OSt |
| 005 - FECHA Y HORA DE LA ÚLTIMA TRANSACCIÓN | |
| campo de control | 20251112085802.0 |
| 008 - DATOS DE LONGITUD FIJA--INFORMACIÓN GENERAL | |
| campo de control de longitud fija | 240313s2023 mx a|||| |||| 001 0 mx d |
| 020 ## - NÚMERO INTERNACIONAL ESTÁNDAR DEL LIBRO | |
| Número Internacional Estándar del Libro | 978-607-12-0639-8 |
| 040 ## - FUENTE DE LA CATALOGACIÓN | |
| Centro/agencia transcriptor | CHAP |
| 090 ## - LOCALMENTE ASIGNADO TIPO-LC NÚMERO DE CLASIFICACIÓN (OCLC); NÚMERO DE CLASIFICACIÓN LOCAL (RLIN) | |
| Número de clasificación (OCLC) (R) ; Numero de clasificación, CALL (RLIN) (NR) | CD-523 |
| 245 00 - MENCIÓN DE TÍTULO | |
| Título | Temas actuales y problemas emergentes de la ganadería : |
| Resto del título | una perspectiva desde la investigación socioeconómica y ambiental / |
| Mención de responsabilidad, etc. | coordinado por Beatriz Aurelia Cavalloti Vázquez ...[y otros tres]. |
| 264 ## - PRODUCCIÓN, PUBLICACIÓN, DISTRIBUCIÓN, FABRICACIÓN Y COPYRIGHT | |
| Producción, publicación, distribución, fabricación y copyright | Chapingo, Méx. : |
| Nombre del de productor, editor, distribuidor, fabricante | UACH. |
| Fecha de producción, publicación, distribución, fabricación o copyright | 2023. |
| 300 ## - DESCRIPCIÓN FÍSICA | |
| Extensión | 376 páginas : |
| Otras características físicas | figuras, cuadros. |
| 504 ## - NOTA DE BIBLIOGRAFÍA, ETC. | |
| Nota de bibliografía, etc. | Incluye referencias bibliográficas páginas : 28-32, 46-48, 61-62, 82-83, 97-101, 114-116,129-131,146-149,163-166, 181-184, 199-201, 213-216, 232-233, 247-250, 256-258, 277-280, 290-292, 312-313, 331-333, 346-349, 359-361, 373. |
| 650 04 - PUNTO DE ACCESO ADICIONAL DE MATERIA--TÉRMINO DE MATERIA | |
| 9 (RLIN) | 127742 |
| Término de materia o nombre geográfico como elemento de entrada | Ganadería |
| Subdivisión general | Producción |
| 650 04 - PUNTO DE ACCESO ADICIONAL DE MATERIA--TÉRMINO DE MATERIA | |
| 9 (RLIN) | 44616 |
| Término de materia o nombre geográfico como elemento de entrada | Ganadería |
| Subdivisión general | Aspectos económicos |
| 650 04 - PUNTO DE ACCESO ADICIONAL DE MATERIA--TÉRMINO DE MATERIA | |
| 9 (RLIN) | 145870 |
| Término de materia o nombre geográfico como elemento de entrada | Porcicultura de traspatio |
| 650 04 - PUNTO DE ACCESO ADICIONAL DE MATERIA--TÉRMINO DE MATERIA | |
| 9 (RLIN) | 65400 |
| Término de materia o nombre geográfico como elemento de entrada | Leche |
| Subdivisión general | Producción |
| 650 04 - PUNTO DE ACCESO ADICIONAL DE MATERIA--TÉRMINO DE MATERIA | |
| 9 (RLIN) | 92156 |
| Término de materia o nombre geográfico como elemento de entrada | Productos pecuarios |
| 700 0# - PUNTO DE ACCESO ADICIONAL--NOMBRE DE PERSONA | |
| Nombre de persona | Cavallotti Vázquez, Beatriz Aurelia |
| Término indicativo de función/relación | Coordinadora. |
| 9 (RLIN) | 20593 |
| 942 ## - ELEMENTOS DE PUNTO DE ACCESO ADICIONAL (KOHA) | |
| Fuente del sistema de clasificación o colocación | Clasificación Universidad Autónoma de Chapingo |
| 942 ## - ELEMENTOS DE PUNTO DE ACCESO ADICIONAL (KOHA) | |
| Tipo de ítem Koha | CD |
| Estado de retiro | Estado de pérdida | Fuente del sistema de clasificación o colocación | Estado dañado | Restricciones de uso | No para préstamo | Código de colección | Localización permanente | Ubicación/localización actual | Ubicación en estantería | Fecha de adquisición | Total de préstamos | Signatura topográfica completa | Código de barras | Fecha visto por última vez | Precio válido a partir de | Tipo de ítem Koha |
|---|---|---|---|---|---|---|---|---|---|---|---|---|---|---|---|---|
| Clasificación Universidad Autónoma de Chapingo | Préstamo interno | Material multimedia | Biblioteca Central | Biblioteca Central | Planta Principal - Área de préstamo - Mat. Multimedia | 13/03/2024 | CD-523 | 33724002585050 | 13/03/2024 | 13/03/2024 | CD |
